México independiente : parte I, período constitutivo : parte II, período constitucional /

Guardado en:
书目详细资料
主要作者: Bravo Ugarte, José (autor)
格式: 图书
语言:西班牙语
出版: Barcelona, España : Salvat, 1959, c1959
标签: 添加标签
没有标签, 成为第一个标记此记录!

MARC

LEADER 00000nam^a2200000^a^4500
001 000454017
005 20250521000000.0
009 20260310123915.378
037 |a Acervo Xavier Clavigero 
041 |a ESP 
091 |a FCA. 04799 
100 |a Bravo Ugarte, José  |e (autor) 
245 1 0 |a México independiente :  |b parte I, período constitutivo : parte II, período constitucional / 
264 4 |a Barcelona, España :  |b Salvat,  |c 1959, c1959 
300 |a 480 p. 
336 |a texto  |b txt  |2 rdacontenido 
337 |a sin mediación  |b n  |2 rdamedio 
338 |a volumen  |b nc  |2 rdasoporte 
649 |a XX 
910 |a Fondo Xavier Cacho Vázquez S.J. 
920 |a Impresos - Libros 
930 |a Fondos Especiales 
905 |a 131 
901 |a 0500376073  |b IT2  |c ESP  |i D  |u 20250521 
902 |a https://opac.biblio.iteso.mx/vufind/Record/000454017